| 000 | 00658nam a2200241Ia 4500 | ||
|---|---|---|---|
| 003 | OSt | ||
| 005 | 20251028103115.0 | ||
| 008 | 210210b1998 xxu||||| |||| 00| 0 eng d | ||
| 020 | _a0 333 65859 0 | ||
| 040 | _cAL | ||
| 041 | _aeng | ||
| 082 | _a820.9 PECB | ||
| 100 |
_aJohn Peck _9242923 |
||
| 245 |
_aBleak House Charles Dickens _b: New casebooks |
||
| 260 |
_aLondon _bMacmillan Press Ltd _c1998 |
||
| 300 | _axi,254 | ||
| 650 |
_aBleak House critical Essays New Case Books _9242924 |
||
| 690 |
_aEnglish Criticism _9242925 |
||
| 700 |
_aCoyle, Martin _9242926 |
||
| 710 |
_aTambling, Jeremy Ed _9242927 |
||
| 906 | _a056007 | ||
| 942 |
_2ddc _cBK |
||
| 999 |
_c103304 _d103304 |
||